Structure and function in agroecosystem design and management
Сохранить в:
| Формат: | |
|---|---|
| Язык: | Undetermined |
| Опубликовано: |
Boca Raton, FL
CRC Press
2000
|
| Предметы: | |
| Метки: |
Добавить метку
Нет меток, Требуется 1-ая метка записи!
|
| Thư viện lưu trữ: | Trung tâm Học liệu Trường Đại học Cần Thơ |
|---|
| LEADER | 00583nam a2200193Ia 4500 | ||
|---|---|---|---|
| 001 | CTU_61533 | ||
| 008 | 210402s9999 xx 000 0 und d | ||
| 020 | |c 1495000 | ||
| 082 | |a 338.162 | ||
| 082 | |b S927 | ||
| 245 | 0 | |a Structure and function in agroecosystem design and management | |
| 245 | 0 | |c Edited by Masae Shiyomi and Hiroshi Koizumi | |
| 260 | |a Boca Raton, FL | ||
| 260 | |b CRC Press | ||
| 260 | |c 2000 | ||
| 650 | |a Agricultural ecology,Agriculture | ||
| 650 | |x Environmental aspects | ||
| 904 | |i Minh,Hải | ||
| 980 | |a Trung tâm Học liệu Trường Đại học Cần Thơ | ||